00861nam a2200181Ia 450000500170000000800410001702000180005808200130007624500460008926000600013530000120019550003240020770000150053170000140054694200060056095200980056699900150066420240604011025.0240331s9999 xx 000 0 und d a9780974883915 bDEAa363 0aTsunami in a time of war :baid activism  aColombobInternational Centre for Ethnic Studies c2009 a244 p., aThe devastation of the tsunami and rehabilitation and reconstruction in its aftermath, in Aceh and Sri Lanka, interested with and shaped the politics of ongoing civil wars leading to militant groups and government forces launching new battles over control of people, land, livelihoods and humanitarian/ development aid. aDe Alwis,M aHeadman,E cL 001040708LaWERCLbWERCLcSSCd2024-03-31l0o 363.34 DEAp6564r2024-03-31w2024-03-31yL c4964d4964